Logo BPK

Biblioteka

Politechniki Koszalińskiej

CAD/CAM techniques / (Rekord nr 23800)

Szczegóły MARC
000 -ETYKIETA REKORDU
podpole kontrolne o stałej długości 00487nam a2200181 i 4500
001 - NUMER KONTROLNY REKORDU
pole kontrolne bg
020 ## - MIĘDZYNARODOWY ZNORMALIZOWANY NUMER KSIĄŻKI - ISBN
ISBN 0835906205
040 ## - ŹRÓDŁO KATALOGOWANIA
Instytucja, która utworzyła rekord BPK
041 ## - KOD JĘZYKA
Kod języka tekstu pol
080 ## - UNIWERSALNA KLASYFIKACJA DZIESIĘTNA - UKD
UKD 62.001.13/.14:004
920 ## - Międzynarodowy znormalizowany numer książki – ISBN
ISBN 0-8359-0620-5
008 - POLE O STAŁEJ DŁUGOŚCI - DANE KONTROLNE
podpole kontrolne o stałej długości s pl f |000 0 pol
100 1# - NAZWA OSOBOWA
Nazwa osobowa Hordeski, Michael F.
245 #0 - TYTUŁ/ODPOWIEDZIALNOŚĆ
Tytuł CAD/CAM techniques /
Pozostałe elementy strefy tytułu i oznaczenia odpowiedzialności Michael F. Hordeski.
260 ## - STREFA ADRESU WYDAWNICZEGO
Miejsce wydania Reston :
Nazwa wydawcy/dystrybutora Reston Publ. :
-- Prentice-Hall,
Data publikacji, dystrybucji/powstania dokumentu 1986.
650 #9 - HASŁO PRZEDMIOTOWE W FORMIE NAZWY OGÓLNEJ LUB JEDNOSTKOWEJ
Nazwa ogólna lub geograficzna Komputerowe wspomaganie projektowania
856 ## - LOKALIZACJA I DOSTĘP DO ELEKTRONICZNYCH DOKUMENTÓW ZDALNYCH
Link (URL) http://koha.tu.koszalin.pl/cgi-bin/koha/opac-detail.pl?biblionumber=23800
Tekst linku Katalog online BPK
942 ## - DODATKOWE ELEMENTY (KOHA)
Typ dokumentu Książka
Egzemplarze
Wycofany Status egzemplarza Uszkodzony Dostępność Lokalizacja stała Lokalizacja bieżąca Miejsce przechowywania Sygnatura Kod kreskowy Ostatnio wypożyczono Typ dokumentu
      Dostępny Biblioteka Politechniki Koszalińskiej Biblioteka Politechniki Koszalińskiej Wypożyczalnia BG 34029 02030159 19.02.2018 Książka
© 2023 Biblioteka Politechniki Koszalińskiej :: KOHA